Puerto Rico`00 [Paréntesis en la ¨ciudad¨] (Record no. 1783)
[ view plain ]
| 000 -LEADER | |
|---|---|
| campo de control de longitud fija | 00996nam a2200145 4500 |
| 008 - DATOS DE LONGITUD FIJA--INFORMACIÓN GENERAL | |
| campo de control de longitud fija | 708 M999p |
| 082 ## - NÚMERO DE LA CLASIFICACIÓN DECIMAL DEWEY | |
| Número de clasificación | 708 |
| Número de ítem | M999p |
| 100 ## - ENTRADA PRINCIPAL--NOMBRE DE PERSONA | |
| Nombre de persona | Marxuach, Michelle |
| 9 (RLIN) | 7033 |
| 245 ## - MENCIÓN DEL TÍTULO | |
| Título | Puerto Rico`00 [Paréntesis en la ¨ciudad¨] |
| 260 ## - PUBLICACIÓN, DISTRIBUCIÓN, ETC. | |
| Lugar de publicación, distribución, etc. | Puerto Rico |
| Nombre del editor, distribuidor, etc. | M&M Proyectos |
| -- | agnès b. |
| Fecha de publicación, distribución, etc. | 2001 |
| 300 ## - DESCRIPCIÓN FÍSICA | |
| Extensión | 255 p. |
| Otras características físicas | il (col) |
| Dimensiones | 23 x 17 cm |
| 505 ## - NOTA DE CONTENIDO CON FORMATO | |
| Título | Múltiples / Papers |
| Mención de responsabilidad | María Inés Rodríguez |
| Título | Imágenes múltiples |
| Mención de responsabilidad | Virginia Pérez Ratton |
| Título | Disidencias y rupturas |
| Mención de responsabilidad | Maria Lluïsa Borràs |
| Título | Escenificando la a/puesta |
| Mención de responsabilidad | Michelle Marxuach |
| Título | Contra el muro |
| Mención de responsabilidad | Guillermo Santamarina |
| Título | Endurance |
| Mención de responsabilidad | Exit Art: Jannette Ingberman y Papo Colo |
| Título | Intervenciones urbanas |
| Mención de responsabilidad | Michelle Marxuach / Dean Daderko / Fernando Castro / Guillermo Santamarina |
| Título | Un oasis en el desierto |
| Mención de responsabilidad | Michelle Marxuach / Mercedes Trelles |
| Título | U/topias |
| Mención de responsabilidad | Michelle Marxuach |
| Título | Album |
| -- | Recuento del evento |
| -- | Simposium |
| -- | English texts |
| 650 ## - PUNTO DE ACCESO ADICIONAL DE MATERIA--TÉRMINO DE MATERIA | |
| Subdivisión general | arte contemporáneo |
| -- | arte - Puerto Rico |
| -- | arte - proyectos independientes |
| 9 (RLIN) | 7034 |
| 700 ## - ENTRADA AGREGADA--NOMBRE PERSONAL | |
| Nombre de persona | Zaya, Antonio |
| 9 (RLIN) | 5799 |
| Estatus retirado | Estado de pérdida | Fuente del sistema de clasificación o colocación | Estado de daño | No para préstamo | Biblioteca de origen | Biblioteca actual | Ubicación en estantería | Fecha de adquisición | Total de préstamos | Signatura topográfica completa | Código de barras | Visto por última vez | Precio de reemplazo | Tipo de ítem Koha |
|---|---|---|---|---|---|---|---|---|---|---|---|---|---|---|
| Clasificación Decimal Dewey | Biblioteca LadoV | Biblioteca LadoV | 11/05/2019 | 708 M999p | 001708 | 11/05/2019 | 11/05/2019 | Material 01 |
